书目信息 |
| 题名: |
伟大的文艺复兴
|
|
| 作者: | ;锦唐艺术 编著 | |
| 分册: | ||
| 出版信息: | 沈阳 辽宁美术出版社 2021.1 |
|
| 页数: | 307页 | |
| 开本: | 29cm | |
| 丛书名: | ||
| 单 册: | ||
| 中图分类: | J110.93 | |
| 科图分类: | ||
| 主题词: | 文艺复兴--艺术史--世界 | |
| 电子资源: | ||
| ISBN: | 978-7-5314-8297-0 | |
| 000 | 01028nam0 2200229 45 | |
| 001 | 012001001873 | |
| 005 | 20141011162728.0 | |
| 010 | @a978-7-5314-8297-0@b精装@dCNY298.00 | |
| 100 | @a20210513d2021 em y0chiy50 ea | |
| 101 | 0 | @achi |
| 102 | @aCN@b210000 | |
| 105 | @aa z 000yy | |
| 106 | @ar | |
| 200 | 1 | @a伟大的文艺复兴@Awei da de wen yi fu xing@b专著@e巨匠的时代@f锦唐艺术编著 |
| 210 | @a沈阳@c辽宁美术出版社@d2021.1 | |
| 215 | @a307页@c图,照片@d29cm | |
| 330 | @a本书介绍文艺复兴时期的画家及其代表作品,由于这时期倡导以重视人的价值为核心的人文主义,美术家们逐渐从长期的基督教神学的桎梏中解放出来,敢于探索,一方面从希腊、罗马的古典艺术中汲取营养;另一方面通过实践和科学的探索,发明了透视法,在平面上能够真实地表现三维空间;同时,改革了油画材料和技法,大大地提高了油画的艺术表现力,使西方绘画描绘客观对象的技巧得到了空前的提高。 | |
| 606 | 0 | @a文艺复兴@x艺术史@y世界 |
| 690 | @aJ110.93@v5 | |
| 711 | 02 | @a锦唐艺术@Ajin tang yi shu@4编著 |
| 801 | 2 | @aCN@b江苏凤凰@c20211018 |
| 905 | @b1346052-4@dJ110.93@e165@f3 | |
| 伟大的文艺复兴:巨匠的时代/锦唐艺术编著.-沈阳:辽宁美术出版社,2021.1 |
| 307页:图,照片;29cm |
| ISBN 978-7-5314-8297-0(精装):CNY298.00 |
| 本书介绍文艺复兴时期的画家及其代表作品,由于这时期倡导以重视人的价值为核心的人文主义,美术家们逐渐从长期的基督教神学的桎梏中解放出来,敢于探索,一方面从希腊、罗马的古典艺术中汲取营养;另一方面通过实践和科学的探索,发明了透视法,在平面上能够真实地表现三维空间;同时,改革了油画材料和技法,大大地提高了油画的艺术表现力,使西方绘画描绘客观对象的技巧得到了空前的提高。 |
| ● |
| 相关链接 |
|
|
|
|
正题名:伟大的文艺复兴
索取号:J110.93/165
 
预约/预借
| 序号 | 登录号 | 条形码 | 馆藏地/架位号 | 状态 | 备注 |
| 1 | 1346052 | 213460529 | 第一样本阅览室/ [索取号:J110.93/165] | 在馆 | |
| 2 | 1346053 | 213460538 | 第一借阅区/ [索取号:J110.93/165] | 在馆 | |
| 3 | 1346054 | 213460547 | 第一借阅区/ [索取号:J110.93/165] | 在馆 |